| 000 | 00315nam a2200121 a 4500 | ||
|---|---|---|---|
| 003 | DO-SdBNP | ||
| 005 | 20210830155143.0 | ||
| 008 | 140428s 2001 dr 000 spa d | ||
| 040 |
_aDO-SdBNP _bspa _cBNPHU |
||
| 245 | 0 | _aJuan Bosch : sÃntesis de una vida gloriosa. | |
| 260 |
_aSanto Domingo, _c2001. |
||
| 942 |
_2ddc _cLBS1 |
||
| 999 |
_c43271 _d43271 |
||